[Event "San Rafael Cup Visually limited"]
[Site "San Rafael"]
[Date "2019.09.21"]
[Round "3.1"]
[White "Merlo, Daniel"]
[Black "Marchelli, Ariel"]
[Result "1-0"]
[WhiteElo "2142"]
[BlackElo "1661"]
[PlyCount "67"]
[EventDate "2019.09.20"]
[EventType "swiss"]
[EventRounds "5"]
[EventCountry "ARG"]
[SourceTitle "EXT 2024"]
[Source "ChessBase"]
[SourceDate "2023.10.10"]
[SourceVersion "1"]
[SourceVersionDate "2023.10.10"]
[SourceQuality "1"]

1. e4 a6 2. Bc4 e6 3. d4 d5 4. exd5 exd5 5. Bd3 Nc6 6. Be3 h6 7. Ne2 Be6 8. 0-0 Bd6 9. f4 Bg4 10. h3 Bxh3 11. gxh3 Qh4 12. Kg2 Nb4 13. Ng3 Nxd3 14. Qxd3 g6 15. Nc3 Nf6 16. Rae1 0-0-0 17. a3 Nh5 18. Nxh5 Qxh5 19. Qe2 Qf5 20. Qg4 Rdg8 21. Kf3 Kb8 22. Qxf5 gxf5 23. Nxd5 Rg6 24. Rg1 Re6 25. c4 c6 26. Nb6 Re4 27. c5 Bxf4 28. Bxf4+ Rxf4+ 29. Kxf4 Ka7 30. Re7 Rd8 31. Ke3 f4+ 32. Ke4 f3 33. Rxf7 Re8+ 34. Kxf3 1-0

[Event "Pan American IBCA-ch 7th"]
[Site "San Luis"]
[Date "2018.11.06"]
[Round "6.3"]
[White "Miranda, Juan Javier"]
[Black "Merlo, Daniel"]
[Result "1-0"]
[WhiteElo "1456"]
[BlackElo "1826"]
[PlyCount "79"]
[EventDate "2018.11.04"]
[EventType "swiss"]
[EventRounds "7"]
[EventCountry "ARG"]
[SourceTitle "EXT 2024"]
[Source "ChessBase"]
[SourceDate "2023.10.10"]
[SourceVersion "1"]
[SourceVersionDate "2023.10.10"]
[SourceQuality "1"]

1. e4 e5 2. Nf3 Nc6 3. Bb5 a6 4. Ba4 Nf6 5. 0-0 Be7 6. Re1 b5 7. Bb3 0-0 8. a4 b4 9. d4 d6 10. dxe5 dxe5 11. Qxd8 Rxd8 12. Nbd2 h6 13. Nc4 Bb7 14. Ncxe5 Nxe5 15. Nxe5 Rf8 16. Ng6 Rfe8 17. e5 Bc5 18. Be3 Bxe3 19. Rxe3 Nd5 20. Bxd5 Bxd5 21. Nf4 Bc6 22. b3 Rad8 23. Nd3 a5 24. Rae1 Bd5 25. Nc5 Kf8 26. f4 g6 27. e6 fxe6 28. Nxe6+ Bxe6 29. Rxe6 Rxe6 30. Rxe6 Rd1+ 31. Kf2 Rd2+ 32. Re2 Rd4 33. Kf3 c5 34. Re4 Rd5 35. Re5 Rxe5 36. fxe5 Kf7 37. Ke4 Ke6 38. g4 h5 39. gxh5 gxh5 40. h4 1-0

[Event "Pan American IBCA-ch 7th"]
[Site "San Luis"]
[Date "2018.11.05"]
[Round "4.1"]
[White "Figueroa Morales, Tomas"]
[Black "Merlo, Daniel"]
[Result "1-0"]
[WhiteElo "2105"]
[BlackElo "1826"]
[PlyCount "25"]
[EventDate "2018.11.04"]
[EventType "swiss"]
[EventRounds "7"]
[EventCountry "ARG"]
[SourceTitle "EXT 2024"]
[Source "ChessBase"]
[SourceDate "2023.10.10"]
[SourceVersion "1"]
[SourceVersionDate "2023.10.10"]
[SourceQuality "1"]

1. d4 d5 2. c4 c6 3. Nc3 Nf6 4. Nf3 e6 5. e3 Nbd7 6. Qc2 Bd6 7. Be2 0-0 8. 0-0 dxc4 9. Bxc4 e5 10. Re1 exd4 11. exd4 h6 12. Bxh6 gxh6 13. Qg6+ 1-0